Statystyki dla Quiz o Czechach

Kliknij tutaj aby rozwiązać quiz!

Ogólne statystyki

  • Ten quiz został rozwiązany 30 razy
    (20 od ostatniego zresetowania)
  • Średni wynik to 8 z 18

Statystyki odpowiedzi

WskazówkaOdpowiedź% Poprawnych
JęzykCzeski
94%
Państwa graniczącePolska
94%
StolicaPraga
94%
WalutaKorona Czeska
89%
Państwa granicząceNiemcy
89%
Państwa granicząceSłowacja
89%
Państwa granicząceAustria
83%
Oficjalna nazwaRepublika Czeska
67%
Religia dominującąKatolicyzm
61%
Podział administracyjnyKraj
17%
Podział administracyjnyPowiat
17%
Podział administracyjnyGmina III stopnia
6%
Podział administracyjnyGmina II stopnia
6%
Podział administracyjnyGmina I stopnia
6%
Podział sił zbrojnychSiły Powietrzne
6%
Podział sił zbrojnychSiły Specjalne
0%
Podział sił zbrojnychSiły Wsparcia
0%
Podział sił zbrojnychWojska lądowe
0%

Rozkład punktacji

Percentyl według liczby udzielonych odpowiedzi

Procent ludzi z każdym wynikiem

Twoja historia wyników

Nie rozwiązałeś tego quizu od ostatniego zresetowania